| 000 | 00567cam a2200193 4500 | ||
|---|---|---|---|
| 001 | 45417 | ||
| 090 | _a45417 | ||
| 100 | _a20020304d1946 m y0pory5003 ba | ||
| 101 | 0 | _apor | |
| 102 | _aPT | ||
| 200 | 1 |
_aA reprodução nas plantas, nos animais e no homem _fRamiro da Fonseca |
|
| 210 | 9 |
_a[S.l.] _cEdições Cosmos _d1946] |
|
| 215 |
_a220, [4] p. _cil. _d19 cm |
||
| 225 | 2 |
_aBiblioteca Cosmos _v106/107 _iCiências e Técnicas _h1.ª secção |
|
| 675 | _a57.017 | ||
| 700 | 1 |
_aFonseca, _bRamiro da, _f1911-1991 |
|
| 801 | 0 |
_aPT _bBN _gRPC |
|
| 801 | 1 |
_aFR _bJOUVE _gRPC |
|
| 990 | _cLIVROS | ||